载入...
Book-keeping and accountancy, Vol.1
| 主要作者: | |
|---|---|
| 格式: | Printed Book |
| 出版: |
Elite Publishers: Tvpm
1988
|
| 主题: |
| LEADER | 00535nam a2200193 4500 | ||
|---|---|---|---|
| 020 | |c 55 | ||
| 082 | |a 657.2 EAP.1 | ||
| 100 | |a Eapen, James; Dasan, V | ||
| 245 | |a Book-keeping and accountancy, Vol.1 |c Eapen, James; Dasan, V | ||
| 250 | |||
| 260 | |a Elite Publishers: Tvpm |c 1988 | ||
| 300 | |a 202 p | ||
| 490 | |||
| 500 | |||
| 590 | |b Gift | ||
| 650 | |a Book-keeping | ||
| 942 | |c BK | ||
| 999 | |c 137290 |d 137290 | ||
| 952 | |0 0 |1 0 |4 0 |6 657_200000000000000_EAP_1 |7 0 |9 150750 |a IMK |b IMK |g 55.00 |l 0 |o 657.2 EAP.1 |p IMK04296 |r 2019-10-25 |w 2019-10-25 |y BK | ||